Bonham : 52 years ago, written especially for the Bonham News /

Bibliographic Details
Main Author: Evans, Will A.
Other Authors: Stephens, Pat (Pat Mercer)
Format: Book
Language:English
Published: [Bonham, Tex.] : [Fannin Co. Genealogical Quarterly], [1984]
Subjects:

MARC

Tag First Indicator Second Indicator Subfields
LEADER 00000cam a2200000 a 4500
001 in00000008961
005 20160125130919.0
008 841130s1984 txu 00110 eng d
035 |a (OCoLC)11436892 
035 |9 AAA3031AM 
040 |a TXX  |c TXX  |d m/c  |d TXA  |d UtOrBLW 
049 |a TXAM  |c [A12577109] 
050 4 |a F394.B58  |b E92 1984 
100 1 |a Evans, Will A. 
245 1 0 |a Bonham :  |b 52 years ago, written especially for the Bonham News /  |c by Judge Will A. Evans. Compiled and edited by Pat Stephens. 
264 1 |a [Bonham, Tex.] :  |b [Fannin Co. Genealogical Quarterly],  |c [1984] 
300 |a 103 pages ;  |c 28 cm. 
336 |a text  |b txt  |2 rdacontent 
337 |a unmediated  |b n  |2 rdamedia 
338 |a volume  |b nc  |2 rdacarrier 
500 |a Includes index. 
500 |a Cover title. 
651 0 |a Bonham (Tex.)  |x History. 
700 1 |a Stephens, Pat  |q (Pat Mercer) 
999 |a MARS 
999 f f |s 3d8a57fa-2ee3-3536-9755-13de86cda789  |i 9c32e179-928f-3613-bcd8-dc8f82dcff7d  |t 0 
952 f f |p ric  |a Texas A&M University  |b Rellis Campus  |c Joint Library Facility  |d Remote Storage  |t 0  |e F394.B58 E92 1984  |h Library of Congress classification  |i unmediated -- volume  |m A14812577109 
998 f f |a F394.B58 E92 1984  |t 0  |l Remote Storage